| 000 | 00869nam a22002057a 4500 | ||
|---|---|---|---|
| 005 | 20240530110629.0 | ||
| 008 | 170111s2014 ua abk g b 000 0 ara d | ||
| 040 |
_aEG-CaGPL _cEG-CaGPL |
||
| 082 | 0 | 4 |
_221 _a912.0148\ _bإ م |
| 100 | 0 | _aابراهيم عبدالعزيز زيادى | |
| 245 | 1 | 0 |
_aمدخل الى الخرائط الطبوغرافية / _cابراهيم عبدالعزيز زيادى ، محمود محمد جمال بشر |
| 260 |
_aالاسكندرية : _bدار المعرفة الجامعية ، _c2014. |
||
| 300 |
_a267 ص. : _bايض ؛ _c24 سم. |
||
| 504 | _aيشتمل على ارجاعات ببليوجرافية | ||
| 650 | 0 | 7 |
_2qrmak _aالخرائط الطبوغرافية |
| 651 | _2qrmak | ||
| 700 | 0 |
_aمحمود محمد جمال بشر _eمؤلف مشارك |
|
| 942 |
_2ddc _cBK |
||
| 999 |
_c63213 _d63213 |
||